LEADER 00964nam0-22002891i-450- 001 990000089320403321 035 $a000008932 035 $aFED01000008932 035 $a(Aleph)000008932FED01 035 $a000008932 100 $a20011111d--------km-y0itay50------ba 101 0 $aita 105 $ay-------001yy 200 1 $aDescrizione delle macchine pe' trafori modenesi o artesiani e dei pozzi forati in Toscana dal 1829 al 1833$fAlessandroManetti. 210 $aFirenze$cTipografia all'insegna di Dante$d1833 215 $a42 p., 3 tav.$cill.$d26 cm 610 0 $aPozzi artesiani 676 $a628.114 700 1$aManetti,$bAlessandro$05996 801 0$aIT$bUNINA$gRICA$2UNIMARC 901 $aBK 912 $a990000089320403321 952 $a13 AR 13 D 36$b4960$fFINBC 959 $aFINBC 996 $aDescrizione delle macchine pe' trafori modenesi o artesiani e dei pozzi forati in Toscana dal 1829 al 1833$9109542 997 $aUNINA DB $aING01 LEADER 01578nam0 2200373 i 450 001 TO01501936 005 20251003044411.0 010 $a8814124086 020 $aIT$b2007-370 100 $a20220119d2006 ||||0itac50 ba 101 | $aita$amul 102 $ait 181 1$6z01$ai $bxxxe 182 1$6z01$an 183 1$6z01$anc$2RDAcarrier 200 1 $aˆUn ‰codice internazionale del diritto dei contratti$ei principi UNIDROIT dei contratti commerciali internazionali$fMichael Joachim Bonell 205 $a2. ed. aggiornata ai principi UNIDROIT 2004 210 $aMilano$cGiuffrè$d[2006] 215 $aXIV, 750 p.$d24 cm 300 $aIn appendice: Testo dei principi UNIDROIT 2004, nella versione cinese, francese, inglese, italiana, russa, spagnola, tedesca 300 $aErrata corrige alleg. 606 $aContratti commerciali$xDiritto internazionale$2FIR$3CFIC004627$9E 676 $a341$9DIRITTO INTERNAZIONALE$v12 676 $a341.754$9DIRITTO INTERNAZIONALE DELL'ECONOMIA. COMMERCIO$v21 676 $a343.087$9DIRITTO IN MATERIA DI COMMERCIO ESTERO$v23 700 1$aBonell$b, Michael Joachim$3CFIV023618$4070$0226472 801 3$aIT$bIT-000000$c20220119 850 $aIT-BN0095 901 $bNAP 01$cD $n$ 912 $aTO01501936 950 0$aBiblioteca Centralizzata di Ateneo$d 01D (C) 21 425$e 01C 0800214255 VMA 1 v.$fY $h20130118$i20130118 977 $a 01 996 $aCodice internazionale del diritto dei contratti$968408 997 $aUNISANNIO